000 00353 a2200157 4500
001 180675
020 _a
040 _cMagnum
100 _aChristie, David
240 1 0 _aBiblia ilustrada para criancas/v.1
_lpor
245 1 0 _aBiblia ilustrada para criancas/v.1
362 0 _a1899
440 1 _aRideel
697 _aMAGNITO: RELIGIAO
942 _cBK
999 _c180675
_d180675